书目信息 |
| 题名: |
清明与寒食
|
|
| 作者: | 高英慧 编著 | |
| 分册: | ||
| 出版信息: | 长春 吉林文史出版社 2018重印 |
|
| 页数: | 120页 | |
| 开本: | 23cm | |
| 丛书名: | 中国文化知识读本 | |
| 单 册: | ||
| 中图分类: | K892.18 | |
| 科图分类: | ||
| 主题词: | 节气--jie qi--风俗习惯--介绍--中国 | |
| 电子资源: | ||
| ISBN: | 978-7-5463-1952-0 | |
| 000 | 00963cam 2200277 45 | |
| 001 | 012001010573 | |
| 005 | 20191125151951.64 | |
| 010 | @a978-7-5463-1952-0@dCNY34.80 | |
| 099 | @aCAL 012010199857 | |
| 100 | @a20140327d2010 ekmy0chiy0120 ea | |
| 101 | 0 | @achi |
| 102 | @aCN@b220000 | |
| 105 | @aach z 000yy | |
| 106 | @ar | |
| 200 | 1 | @a清明与寒食@Aqing ming yu han shi@f编著高英慧 |
| 205 | @a第2版 | |
| 210 | @a长春@c吉林文史出版社@d2018重印 | |
| 215 | @a120页@c图, 肖像, 摹真@d23cm | |
| 225 | 2 | @a中国文化知识读本@Azhong guo wen hua zhi shi du ben@f主编金开诚 |
| 330 | @a本书内容包括:寒食节的起源、由寒食到清明的演进、寒食的两大节俗——吃冷食与禁火、寒食节俗对清明的影响等。 | |
| 410 | 0 | @12001@@a中国文化知识读本 |
| 606 | 0 | @a节气@Ajie qi@x风俗习惯@x介绍@y中国 |
| 690 | @aK892.18@v4 | |
| 701 | 0 | @a高英慧@AGao Yinghui@4编著@3CAL n2014001599#@7jt0yjt0y@7ec0yec0y |
| 801 | 2 | @aCN@b上海新华@c20191020 |
| 905 | @b1136694-6@dK892.18@e330=2@f3 | |
| 清明与寒食/编著高英慧.-第2版.-长春:吉林文史出版社,2018重印 |
| 120页:图, 肖像, 摹真;23cm.-(中国文化知识读本/主编金开诚) |
| ISBN 978-7-5463-1952-0:CNY34.80 |
| 本书内容包括:寒食节的起源、由寒食到清明的演进、寒食的两大节俗——吃冷食与禁火、寒食节俗对清明的影响等。 |
| ● |
| 相关链接 |
|
|
|
|
正题名:清明与寒食
索取号:K892.18/330=2
 
预约/预借
| 序号 | 登录号 | 条形码 | 馆藏地/架位号 | 状态 | 备注 |
| 1 | 1136694 | 211366948 | 第二样本阅览室/ [索取号:K892.18/330=2] | 在馆 | |
| 2 | 1136695 | 211366957 | 第二借阅区/ [索取号:K892.18/330=2] | 在馆 | |
| 3 | 1136696 | 211366966 | 第二借阅区/ [索取号:K892.18/330=2] | 在馆 |